Alfred H. Johnson and James A. Johnson papers, (Record no. 44771)
[ view plain ]
| 000 -LEADER | |
|---|---|
| fixed length control field | 02025cpcaa2200373 a 4500 |
| 001 - CONTROL NUMBER | |
| control field | mm2007085385 |
| 003 - CONTROL NUMBER IDENTIFIER | |
| control field | DLC |
| 005 - DATE AND TIME OF LATEST TRANSACTION | |
| control field | 20260227111731.0 |
| 008 - FIXED-LENGTH DATA ELEMENTS--GENERAL INFORMATION | |
| fixed length control field | 070927|||||||||||| eng |
| 010 ## - LIBRARY OF CONGRESS CONTROL NUMBER | |
| LC control number | mm2007085385 |
| 040 ## - CATALOGING SOURCE | |
| Original cataloging agency | DLC |
| Description conventions | dacs |
| Transcribing agency | DLC |
| Modifying agency | DLC |
| 072 #7 - SUBJECT CATEGORY CODE | |
| Subject category code | W |
| Source | lcmd |
| 245 00 - TITLE STATEMENT | |
| Title | Alfred H. Johnson and James A. Johnson papers, |
| Inclusive dates | 1786-1954 |
| Bulk dates | (bulk 1861-1864). |
| 300 ## - PHYSICAL DESCRIPTION | |
| Extent | 100 |
| Type of unit | items. |
| 300 ## - PHYSICAL DESCRIPTION | |
| Extent | 1 |
| Type of unit | container. |
| 300 ## - PHYSICAL DESCRIPTION | |
| Extent | 0.2 |
| Type of unit | linear feet. |
| 506 ## - RESTRICTIONS ON ACCESS NOTE | |
| Terms governing access | Open to research. |
| 520 8# - SUMMARY, ETC. | |
| Summary, etc. | Chiefly correspondence of Alfred H. Johnson and James A. Johnson, Confederate army soldiers, and other family members during the Civil War. Includes an 1862 diary and enrollment papers of Joseph Quincy Stearns, a Union soldier from New Jersey. Also includes an 1861 contract for the sale of slaves in Texas, a copy of the 1786 will of General John Philip De Haas, an 1864 clipping from an English language Mexican newspaper with war news from the United States, and miscellaneous writings. |
| 545 0# - BIOGRAPHICAL OR HISTORICAL DATA | |
| Biographical or historical data | Johnson family members including Alfred H. Johnson and James A. Johnson, Confederate soldiers; and Joseph Quincy Stearns, Union soldier. |
| 546 ## - LANGUAGE NOTE | |
| Language note | Collection material in English. |
| 600 10 - SUBJECT ADDED ENTRY--PERSONAL NAME | |
| Personal name | De Haas, John Philip, |
| Dates associated with a name | approximately 1735-1786 |
| General subdivision | Will. |
| 600 10 - SUBJECT ADDED ENTRY--PERSONAL NAME | |
| Personal name | Stearns, Joseph Quincy, |
| Dates associated with a name | 1786-1865. |
| 600 30 - SUBJECT ADDED ENTRY--PERSONAL NAME | |
| Personal name | Johnson family. |
| 650 #0 - SUBJECT ADDED ENTRY--TOPICAL TERM | |
| Topical term or geographic name entry element | Slave-trade |
| Geographic subdivision | United States. |
| 650 #0 - SUBJECT ADDED ENTRY--TOPICAL TERM | |
| Topical term or geographic name entry element | Slavery |
| Geographic subdivision | Texas. |
| 651 #0 - SUBJECT ADDED ENTRY--GEOGRAPHIC NAME | |
| Geographic name | Confederate States of America |
| General subdivision | History. |
| 651 #0 - SUBJECT ADDED ENTRY--GEOGRAPHIC NAME | |
| Geographic name | New Jersey |
| General subdivision | History |
| Chronological subdivision | Civil War, 1861-1865. |
| 651 #0 - SUBJECT ADDED ENTRY--GEOGRAPHIC NAME | |
| Geographic name | United States |
| General subdivision | History |
| Chronological subdivision | Civil War, 1861-1865. |
| 656 #7 - INDEX TERM--OCCUPATION | |
| Occupation | Soldiers. |
| Source of term | itoamc |
| 700 1# - ADDED ENTRY--PERSONAL NAME | |
| Personal name | Johnson, Alfred H., |
| Dates associated with a name | active 1861-1864. |
| Title of a work | Alfred H. Johnson and James A. Johnson papers. |
| Date of a work | 1786-1954. |
| 700 1# - ADDED ENTRY--PERSONAL NAME | |
| Personal name | Johnson, James A., |
| Dates associated with a name | active 1861-1864. |
| Title of a work | Alfred H. Johnson and James A. Johnson papers. |
| Date of a work | 1786-1954. |
No items available.